000 00396nam a22001697a 4500
003 MPLRDC
005 20220104123302.0
008 210129b ||||| |||| 00| 0 eng d
082 _a030.89 LZQ
100 _a不详
245 _a东莱博议
_c
250 _a再版
260 _a
_b利大出版社
_c1985
300 _b
650 _a汉学总论--国学丛书
942 _cBK
_o030.89 LZQ
999 _c10070
_d10060